000 01457cam a2200289 i 4500
003 SA-RiAUC
005 20250829145731.0
008 250827s1993 su g 000r0 ara c
040 _aSA-RiAUC
_bara
_cSA-RiAUC
_erda
082 0 4 _a213
090 _a213
_bس خ ا
100 1 _aالسخاوي، محمد بن عبد الرحمن بن محمد،
_d831-902 هجري
_eمؤلف.
245 1 2 _aالجواب الذي انضبط عن لا تكن حلوا فتسترط :
_bرسالة في الإنصاف وذم الغلو والإجحاف /
_cشمس الدين محمد بن عبدالرحمن بن محمد السخاوي ؛ تحقيق أبو عبيدة مشهور بن حسن بن محمود آل سليمان وأبو حذيفة أحمد الشقيرات.
250 _aالطبعة الأولى.
264 1 _aالرياض :
_bدار التوحيد للنشر والتوزيع،
_c1994
300 _a80 صفحة ؛
_c21 سم
336 _aنص
_btxt
_2rdacontent
_3كتاب
337 _aبدون وسيط
_bn
_2rdamedia
338 _aمجلد
_bnc
_2rdacarrier
650 7 _aالوعظ والإرشاد
_2aucsh
650 7 _aالدعوة الإسلامية
_2aucsh
650 7 _aالأخلاق الإسلامية
_2aucsh
700 1 _aآل سليمان، مشهور بن حسن،
_d1380 هجري-
_eمحقق.
700 1 _aالشقيرات، أبو حذيفة أحمد
_eمحقق.
942 _2ddc
_cBOOK
_n0
949 _aSA-JeALM
_d250827
_umohamedma123
_n1
999 _c11278
_d11278